<?xml version="1.0" encoding="UTF-8"?>
<collection xmlns="http://www.loc.gov/MARC21/slim">
 <record>
  <leader>03327pam a22003258a 4500</leader>
  <controlfield tag="001">00031191</controlfield>
  <controlfield tag="005">20171026081025.0</controlfield>
  <controlfield tag="008">130925s2013                  ||||||viesd</controlfield>
  <datafield tag="020" ind1="#" ind2="#">
   <subfield code="c">0</subfield>
  </datafield>
  <datafield tag="041" ind1="0" ind2="#">
   <subfield code="a">vie</subfield>
  </datafield>
  <datafield tag="082" ind1="1" ind2="4">
   <subfield code="a">428</subfield>
   <subfield code="b">CH561TR</subfield>
  </datafield>
  <datafield tag="245" ind1="1" ind2="0">
   <subfield code="a">Chương trình giáo dục đại học đào tạo giáo viên trung học phổ thông theo hệ thống tín chỉ cho ngành sư phạm tiếng Anh</subfield>
  </datafield>
  <datafield tag="260" ind1="#" ind2="#">
   <subfield code="a">Hà Nội</subfield>
   <subfield code="b">Đại học quốc gia Hà Nội</subfield>
   <subfield code="c">2013</subfield>
  </datafield>
  <datafield tag="300" ind1="#" ind2="#">
   <subfield code="a">165 tr.</subfield>
   <subfield code="c">27 cm.</subfield>
  </datafield>
  <datafield tag="500" ind1="#" ind2="#">
   <subfield code="a">Đầu bìa sách ghi: Bộ Giáo dục và Đào tạo MOET. Ngân hàng phát triển Châu Á ADB . Dự án PT GV THPT&amp;TCCN- Trường Đại học Ngoại Ngữ, Đại học Quốc gia Hà Nội</subfield>
  </datafield>
  <datafield tag="653" ind1="#" ind2="#">
   <subfield code="a">Chương trình đào tạo</subfield>
  </datafield>
  <datafield tag="653" ind1="#" ind2="#">
   <subfield code="a">Giáo dục đại học</subfield>
  </datafield>
  <datafield tag="653" ind1="#" ind2="#">
   <subfield code="a">Trung học phổ thông</subfield>
  </datafield>
  <datafield tag="653" ind1="#" ind2="#">
   <subfield code="a">Sư phạm tiếng Anh</subfield>
  </datafield>
  <datafield tag="852" ind1="#" ind2="#">
   <subfield code="b">Kho giáo trình</subfield>
   <subfield code="j">KGT.0041339, KGT.0041340, KGT.0041341, KGT.0041342, KGT.0041343, KGT.0041344, KGT.0041345, KGT.0041346, KGT.0041347, KGT.0041348, KGT.0041349, KGT.0041350, KGT.0041351, KGT.0041352, KGT.0041353, KGT.0041354, KGT.0041355, KGT.0041356, KGT.0041357, KGT.0041358, KGT.0041359, KGT.0041360, KGT.0041361, KGT.0041362, KGT.0041363, KGT.0041364, KGT.0041365, KGT.0041366, KGT.0041367, KGT.0041368, KGT.0041369, KGT.0041370, KGT.0041371, KGT.0041372, KGT.0041373, KGT.0041374, KGT.0041375, KGT.0041376, KGT.0041377, KGT.0041378, KGT.0041379, KGT.0041380, KGT.0041381, KGT.0041382, KGT.0041383, KGT.0041384, KGT.0041385, KGT.0041386, KGT.0041387, KGT.0041388, KGT.0041389, KGT.0041390, KGT.0041391, KGT.0041392, KGT.0041393, KGT.0041394, KGT.0041395, KGT.0041396, KGT.0041397, KGT.0041398, KGT.0041399, KGT.0041400, KGT.0041401, KGT.0041402, KGT.0041403, KGT.0041404, KGT.0041405, KGT.0041406, KGT.0041407, KGT.0041408, KGT.0041409, KGT.0041410, KGT.0041411, KGT.0041412, KGT.0041413, KGT.0041414, KGT.0041415, KGT.0041416, KGT.0041417, KGT.0041418</subfield>
  </datafield>
  <datafield tag="852" ind1="#" ind2="#">
   <subfield code="b">Kho mượn</subfield>
   <subfield code="j">KGT.0041339</subfield>
  </datafield>
  <datafield tag="852" ind1="#" ind2="#">
   <subfield code="j">KD.0014975</subfield>
   <subfield code="j">KGT.0041340</subfield>
   <subfield code="j">KGT.0041341</subfield>
   <subfield code="j">KGT.0041343</subfield>
   <subfield code="j">KGT.0041345</subfield>
   <subfield code="j">KGT.0041346</subfield>
   <subfield code="j">KGT.0041350</subfield>
   <subfield code="j">KGT.0041351</subfield>
   <subfield code="j">KGT.0041353</subfield>
   <subfield code="j">KGT.0041354</subfield>
   <subfield code="j">KGT.0041356</subfield>
   <subfield code="j">KGT.0041392</subfield>
   <subfield code="j">KGT.0041394</subfield>
   <subfield code="j">KGT.0041396</subfield>
   <subfield code="j">KGT.0041397</subfield>
   <subfield code="j">KGT.0041399</subfield>
   <subfield code="j">KGT.0041400</subfield>
   <subfield code="j">KGT.0041402</subfield>
   <subfield code="j">KGT.0041403</subfield>
   <subfield code="j">KGT.0041405</subfield>
   <subfield code="j">KGT.0041406</subfield>
   <subfield code="j">KGT.0041408</subfield>
   <subfield code="j">KGT.0041409</subfield>
   <subfield code="j">KGT.0041411</subfield>
   <subfield code="j">KGT.0041412</subfield>
   <subfield code="j">KGT.0041414</subfield>
   <subfield code="j">KGT.0041415</subfield>
   <subfield code="j">KGT.0041417</subfield>
   <subfield code="j">KGT.0041357</subfield>
   <subfield code="j">KGT.0041359</subfield>
   <subfield code="j">KGT.0041360</subfield>
   <subfield code="j">KGT.0041362</subfield>
   <subfield code="j">KGT.0041363</subfield>
   <subfield code="j">KGT.0041365</subfield>
   <subfield code="j">KGT.0041367</subfield>
   <subfield code="j">KGT.0041368</subfield>
   <subfield code="j">KGT.0041369</subfield>
   <subfield code="j">KGT.0041371</subfield>
   <subfield code="j">KGT.0041372</subfield>
   <subfield code="j">KGT.0041374</subfield>
   <subfield code="j">KGT.0041376</subfield>
   <subfield code="j">KGT.0041377</subfield>
   <subfield code="j">KGT.0041379</subfield>
   <subfield code="j">KGT.0041380</subfield>
   <subfield code="j">KGT.0041382</subfield>
   <subfield code="j">KGT.0041383</subfield>
   <subfield code="j">KGT.0041385</subfield>
   <subfield code="j">KGT.0041386</subfield>
   <subfield code="j">KGT.0041388</subfield>
   <subfield code="j">KGT.0041389</subfield>
   <subfield code="j">KGT.0041391</subfield>
   <subfield code="j">KGT.0041348</subfield>
   <subfield code="j">KGT.0041349</subfield>
   <subfield code="j">KGT.0041398</subfield>
   <subfield code="j">KGT.0041401</subfield>
   <subfield code="j">KGT.0041404</subfield>
   <subfield code="j">KGT.0041407</subfield>
   <subfield code="j">KGT.0041410</subfield>
   <subfield code="j">KGT.0041413</subfield>
   <subfield code="j">KGT.0041416</subfield>
   <subfield code="j">KGT.0041395</subfield>
   <subfield code="j">KGT.0041339</subfield>
   <subfield code="j">KGT.0041342</subfield>
   <subfield code="j">KGT.0041344</subfield>
   <subfield code="j">KGT.0041347</subfield>
   <subfield code="j">KGT.0041352</subfield>
   <subfield code="j">KGT.0041355</subfield>
   <subfield code="j">KGT.0041358</subfield>
   <subfield code="j">KGT.0041361</subfield>
   <subfield code="j">KGT.0041364</subfield>
   <subfield code="j">KGT.0041366</subfield>
   <subfield code="j">KGT.0041370</subfield>
   <subfield code="j">KGT.0041373</subfield>
   <subfield code="j">KGT.0041375</subfield>
   <subfield code="j">KGT.0041378</subfield>
   <subfield code="j">KGT.0041381</subfield>
   <subfield code="j">KGT.0041384</subfield>
   <subfield code="j">KGT.0041387</subfield>
   <subfield code="j">KGT.0041390</subfield>
   <subfield code="j">KGT.0041393</subfield>
  </datafield>
  <datafield tag="852" ind1="#" ind2="#">
   <subfield code="b">Kho đọc</subfield>
   <subfield code="j">KD.0014975</subfield>
  </datafield>
  <datafield tag="910" ind1=" " ind2=" ">
   <subfield code="d">9/2013</subfield>
  </datafield>
  <datafield tag="980" ind1="#" ind2="#">
   <subfield code="a">Trung tâm Học liệu Lê Vũ Hùng, Trường Đại học Đồng Tháp</subfield>
  </datafield>
 </record>
</collection>
